Prediction intervals for multiplicative Holt-Winters.

Na základe metódy na zostavovanie intervalov predpovedí pre aditívny prognostický postup Holt-Wintersa sa získané výsledky rozširujú na multiplikatívny sezónny prípad. Zhodnotenie výsledkov.

Enregistré dans:
Détails bibliographiques
Auteur principal: Chatfield, Ch
Autres auteurs: Yar, M.
Format: Chapitre de livre
Langue:anglais
Sujets:
Tags: Ajouter un tag
Pas de tags, Soyez le premier à ajouter un tag!

MARC

LEADER 00000naa a2200000 4500
001 r004992
005 20221130103410.7
041 0 |a eng 
044 |a NL 
245 1 0 |a Prediction intervals for multiplicative Holt-Winters.  |c Ch. Chatfield, M. Yar 
520 |a Na základe metódy na zostavovanie intervalov predpovedí pre aditívny prognostický postup Holt-Wintersa sa získané výsledky rozširujú na multiplikatívny sezónny prípad. Zhodnotenie výsledkov. 
610 2 0 |a prognózovanie 
610 2 0 |a metódy prognostické 
610 2 0 |a multiplikátor 
610 2 0 |a Holt-Winters 
610 2 0 |a predvídanie 
100 1 |a Chatfield, Ch. 
700 1 |a Yar, M.